Святая стража: Роман

Bibliografski detalji
Glavni autor: Боксер Б. Я. Борис Яковлевич
Sažetak:Исключено из фонда НТБ ТПУ
Jezik:ruski
Izdano: Ташкент, Изд-во литературы и искусства, 1987
Format: MixedMaterials Knjiga
KOHA link:https://koha.lib.tpu.ru/cgi-bin/koha/opac-detail.pl?biblionumber=133596

MARC

LEADER 00000nam0a2200000 4500
001 133596
005 20231031135402.0
020 |a RU  |b 87-76404 
035 |a (RuTPU)RU\TPU\book\144795 
090 |a 133596 
100 |a 20080319d1987 m y0rusy5003 ca 
101 0 |a rus 
102 |a UZ 
105 |a a z 000ay 
200 1 |a Святая стража  |e Роман  |f Б. Я. Боксер 
210 |a Ташкент  |c Изд-во литературы и искусства  |d 1987 
215 |a 464 с.  |c ил.  |d 21 см 
333 |a Исключено из фонда НТБ ТПУ 
675 |a Р2  |z rus 
700 1 |a Боксер  |b Б. Я.  |g Борис Яковлевич  |4 070 
801 0 |a RU  |b RuMRKP  |c 19950417  |g psbo 
801 1 |a RU  |b 63413507  |c 20080319  |g PSBO 
801 2 |a RU  |b 63413507  |c 20230209  |g PSBO 
942 |c BK